000 00568nam a2200121Ia 4500
008 220616s9999||||xx |||||||||||||| ||und||
100 _aPaul Revill||Marc Suhrcke||Mark Sculpher||Rodrigo Moreno-Serra
245 0 _aGlobal Health Economics:Shaping Health Policy in Low- and Middle-Income Countries
546 _aEnglish[eng]
650 _aEconomics||Health Systems||Global Health||Economic Evaluation||University of York||Centre for Health Economics (CHE)||Cost-Effectiveness
856 _uhttps://www.worldscientific.com/worldscibooks/10.1142/11045#t=toc
942 _cEB
999 _c20378
_d20378